000 00673nam a2200241Ia 4500
003 OSt
005 20221002050846.0
006 a|||||r|||| 00| 0
007 ta
008 220930b |||||||| |||| 00| 0 eng d
024 _a21036
037 _cReference Collections
040 _aCRL
_cCRL
_beng
041 _2eng
_aeng
082 _a2k, J8;K1 (RR)
100 _aThomas Landau Editor
_9571786
245 0 _aEncyclopedoa of Librarianhip
260 _aLondon
_bBowes and Bowes Gt.
_c1961
300 _a395p.
_ccm.
650 _aLIBRARY SCIENCE
942 _h2k, J8;K1 (RR)
_cref
_2CC
999 _c915498
_d915498